[Event "Karposh Open  2012"]
[Site "Skopje MKD"]
[Date "2012.04.11"]
[Round "6.33"]
[White "Dinev, Dejan"]
[Black "Draskovic, Luka"]
[Result "1/2-1/2"]
[WhiteElo "2373"]
[BlackElo "2212"]
[PlyCount "78"]
[EventDate "2012.04.07"]
[EventType "swiss"]
[EventRounds "9"]
[Source "lmi"]
[SourceDate "2012.04.07"]

1. e4 c5 2. Nc3 d6 3. f4 Nf6 4. Nf3 g6 5. Bb5+ Bd7 6. Bc4 e6 7. O-O b5 8. Be2
b4 9. e5 bxc3 10. exf6 Qxf6 11. dxc3 Qe7 12. b4 cxb4 13. cxb4 Bg7 14. Rb1 O-O
15. b5 Bc8 16. Ba3 Rd8 17. Bb4 Bb7 18. a4 a6 19. c4 axb5 20. cxb5 Be4 21. Bd3
Bxd3 22. Qxd3 Rxa4 23. Kh1 Qb7 24. Bxd6 Rxf4 25. Qa3 Rf5 26. b6 Na6 27. Rfc1 g5
28. Bc7 Rdd5 29. Qe7 Bf6 30. Qe8+ Kg7 31. h3 h5 32. Be5 Nc5 33. Bxf6+ Rxf6 34.
Ra1 Rxf3 35. gxf3 Rd8 36. Qxd8 Qxf3+ 37. Kg1 Qg3+ 38. Kh1 Qf3+ 39. Kg1 Qg3+
1/2-1/2

[Event "Karposh Open  2012"]
[Site "Skopje MKD"]
[Date "2012.04.11"]
[Round "6.34"]
[White "Stojcevski, Zoran"]
[Black "Dorfanis, Ilarion"]
[Result "1-0"]
[WhiteElo "2346"]
[BlackElo "2183"]
[PlyCount "53"]
[EventDate "2012.04.07"]
[EventType "swiss"]
[EventRounds "9"]
[Source "lmi"]
[SourceDate "2012.04.07"]

1. e4 e5 2. f4 d5 3. exd5 exf4 4. Nf3 Nf6 5. c4 c6 6. d4 Bb4+ 7. Nc3 cxd5 8.
Bxf4 O-O 9. Bd3 Re8+ 10. Ne5 dxc4 11. Bxc4 Be6 12. Bxe6 Rxe6 13. O-O Nbd7 14.
Qb3 Bxc3 15. bxc3 Nb6 16. Bg5 Qd5 17. Bxf6 gxf6 18. Nd3 Qxb3 19. axb3 Re3 20.
Rf3 Rxf3 21. gxf3 Nd7 22. c4 a6 23. Kf2 Kf8 24. Ra5 Rc8 25. Rd5 Ke8 26. Nf4 Nb6
27. Rd6 1-0

[Event "Karposh Open  2012"]
[Site "Skopje MKD"]
[Date "2012.04.11"]
[Round "6.35"]
[White "Zupe, Miran"]
[Black "Hristovski, Srdzan"]
[Result "1-0"]
[WhiteElo "2336"]
[BlackElo "2138"]
[PlyCount "69"]
[EventDate "2012.04.07"]
[EventType "swiss"]
[EventRounds "9"]
[Source "lmi"]
[SourceDate "2012.04.07"]

1. d4 d5 2. Nf3 Nf6 3. Bf4 e6 4. c4 c6 5. e3 Nbd7 6. h3 Be7 7. Nc3 b6 8. Be2
Bb7 9. O-O O-O 10. Rc1 Rc8 11. cxd5 exd5 12. Bd3 Re8 13. Bh2 a6 14. Re1 c5 15.
Ne5 g6 16. Qf3 Nxe5 17. dxe5 Nh5 18. Bc4 dxc4 19. Qxb7 Ra8 20. e6 fxe6 21. Red1
Qc8 22. Qxb6 Nf6 23. Be5 Kf7 24. Bxf6 Bxf6 25. Ne4 Be7 26. Nd6+ Bxd6 27. Qxd6
Rb8 28. Rxc4 Rd8 29. Qf4+ Kg8 30. Rdc1 Qd7 31. Rxc5 Rf8 32. Qe5 Qf7 33. R1c2
Rb7 34. Rc6 Rfb8 35. Rc8+ 1-0

[Event "Karposh Open  2012"]
[Site "Skopje MKD"]
[Date "2012.04.11"]
[Round "6.38"]
[White "Markidis, Konstantinos"]
[Black "Matijevic, Filip"]
[Result "1-0"]
[WhiteElo "2284"]
[BlackElo "2061"]
[PlyCount "56"]
[EventDate "2012.04.07"]
[EventType "swiss"]
[EventRounds "9"]
[Source "lmi"]
[SourceDate "2012.04.07"]

1. e4 e5 2. Nf3 Nc6 3. Bb5 Nf6 4. d3 d6 5. c3 Be7 6. O-O O-O 7. Re1 Bd7 8. Ba4
Re8 9. Nbd2 Bf8 10. Nf1 h6 11. b4 Ne7 12. Bb3 Ng6 13. Ng3 Be6 14. d4 c6 15. a3
a5 16. Rb1 axb4 17. cxb4 Bg4 18. Re3 c5 19. bxc5 dxc5 20. dxe5 Nxe5 21. Qxd8
Raxd8 22. Nxe5 Rxe5 23. Bb2 Ree8 24. Bxf6 gxf6 25. h3 Bc8 26. Nh5 Rd6 27. Rg3+
Kh8 28. Bxf7 Red8 1-0

[Event "Karposh Open  2012"]
[Site "Skopje MKD"]
[Date "2012.04.11"]
[Round "6.41"]
[White "Semsiu, Agim"]
[Black "Dobrotka, Martin"]
[Result "1/2-1/2"]
[WhiteElo "1988"]
[BlackElo "2259"]
[PlyCount "49"]
[EventDate "2012.04.07"]
[EventType "swiss"]
[EventRounds "9"]
[Source "lmi"]
[SourceDate "2012.04.07"]

1. e4 c5 2. Nf3 Nc6 3. d4 cxd4 4. Nxd4 e5 5. Nb5 a6 6. Nd6+ Bxd6 7. Qxd6 Qe7 8.
Qc7 Nf6 9. Nc3 O-O 10. Bd3 d5 11. Qxe7 Nxe7 12. Bg5 d4 13. Ne2 Re8 14. Bxf6
gxf6 15. Ng3 Kf8 16. Nh5 Ng8 17. O-O Bg4 18. Ng3 Rac8 19. h3 Bd7 20. a4 Re6 21.
f4 Rb6 22. b3 Ke7 23. Rf2 Rc3 24. Ne2 Rc7 25. Raf1 1/2-1/2

[Event "Karposh Open  2012"]
[Site "Skopje MKD"]
[Date "2012.04.11"]
[Round "6.43"]
[White "Dimitrijevic, Radmilo"]
[Black "Markovski, Velo"]
[Result "1-0"]
[WhiteElo "2240"]
[BlackElo "2040"]
[PlyCount "57"]
[EventDate "2012.04.07"]
[EventType "swiss"]
[EventRounds "9"]
[Source "lmi"]
[SourceDate "2012.04.07"]

1. e4 d5 2. exd5 Qxd5 3. Nc3 Qa5 4. g3 Nf6 5. Bg2 c6 6. Nge2 Bg4 7. h3 Bh5 8.
d3 e5 9. O-O Bd6 10. a3 Nbd7 11. Rb1 Qc7 12. b4 a6 13. Bb2 O-O 14. g4 Bg6 15.
Ng3 Nb6 16. Re1 Nbd5 17. Nxd5 cxd5 18. g5 Nd7 19. Bxd5 Rac8 20. c4 b6 21. h4 e4
22. Nxe4 Bf4 23. Qg4 Bxe4 24. Rxe4 Bd6 25. Rbe1 Kh8 26. Qf5 f6 27. Re7 Bxe7 28.
Rxe7 Rcd8 29. gxf6 1-0

[Event "Karposh Open  2012"]
[Site "Skopje MKD"]
[Date "2012.04.11"]
[Round "6.44"]
[White "Simjanovski, Saso"]
[Black "Kacakovski, Dimitar"]
[Result "1-0"]
[WhiteElo "2288"]
[BlackElo "2128"]
[PlyCount "50"]
[EventDate "2012.04.07"]
[EventType "swiss"]
[EventRounds "9"]
[Source "lmi"]
[SourceDate "2012.04.07"]

1. e4 e5 2. Nc3 Nf6 3. g3 Bc5 4. Bg2 a6 5. Nf3 d6 6. d4 exd4 7. Nxd4 Bg4 8.
Nde2 Nc6 9. h3 Bh5 10. g4 Bg6 11. Ng3 Nd7 12. Nd5 Ne7 13. Ne3 c6 14. c3 Qc7 15.
b4 Ba7 16. h4 h6 17. O-O Bh7 18. a4 O-O 19. Nh5 Ne5 20. Nf5 Nxf5 21. exf5 f6
22. Nf4 Rfe8 23. Ne6 Qe7 24. Bf4 g6 25. Bxe5 fxe5 1-0

[Event "Karposh Open  2012"]
[Site "Skopje MKD"]
[Date "2012.04.11"]
[Round "6.45"]
[White "Arizanov, Tome"]
[Black "Vasovski, Nikola"]
[Result "1-0"]
[WhiteElo "2108"]
[BlackElo "2279"]
[PlyCount "73"]
[EventDate "2012.04.07"]
[EventType "swiss"]
[EventRounds "9"]
[Source "lmi"]
[SourceDate "2012.04.07"]

1. Nf3 c5 2. g3 Nc6 3. Bg2 Nf6 4. O-O g6 5. d3 Bg7 6. Na3 O-O 7. c4 d5 8. Be3
d4 9. Bd2 h6 10. Nc2 a5 11. b3 e5 12. a3 Qe7 13. Rb1 e4 14. Nfe1 Re8 15. b4
axb4 16. axb4 Bg4 17. f3 e3 18. Bxe3 Bc8 19. Bd2 Qxe2 20. bxc5 Qe7 21. Rb5 Nd7
22. Nb4 Nxb4 23. Bxb4 Qe3+ 24. Kh1 Ra2 25. f4 Nf6 26. Bf3 Rf2 27. Nc2 Qxf3+ 28.
Qxf3 Rxf3 29. Rxf3 Ng4 30. c6 bxc6 31. Rb8 Ne3 32. Rf2 Kh7 33. h3 Nd1 34. Rd2
Nc3 35. Bc5 Ne2 36. Kh2 Nc1 37. Nxd4 1-0

[Event "Karposh Open  2012"]
[Site "Skopje MKD"]
[Date "2012.04.11"]
[Round "6.46"]
[White "Glavinac, Goran"]
[Black "Vucko, Jozsef"]
[Result "1-0"]
[WhiteElo "2201"]
[BlackElo "2054"]
[PlyCount "75"]
[EventDate "2012.04.07"]
[EventType "swiss"]
[EventRounds "9"]
[Source "lmi"]
[SourceDate "2012.04.07"]

1. e4 e5 2. Nf3 Nc6 3. Bb5 Nge7 4. O-O Ng6 5. d4 exd4 6. Nxd4 Bc5 7. Nxc6 bxc6
8. Bc4 O-O 9. Qh5 d6 10. Bg5 Qe8 11. Nd2 Qe5 12. c3 Nf4 13. Qh4 Ng6 14. Qg3
Qxg3 15. hxg3 Ne5 16. Be2 Be6 17. Bf4 f6 18. Ba6 Ng4 19. b4 Bb6 20. Nf3 c5 21.
a4 cxb4 22. cxb4 Ne5 23. Rac1 Rf7 24. Bxe5 dxe5 25. a5 Bd4 26. Rc6 Re7 27. Nxd4
exd4 28. Rfc1 Rd8 29. f4 d3 30. Rxe6 d2 31. Rd1 Kf7 32. Rxe7+ Kxe7 33. Bb7 Rd4
34. a6 Kd6 35. Kf2 c6 36. Ke3 Rxb4 37. Rxd2+ Kc7 38. e5 1-0

[Event "Karposh Open  2012"]
[Site "Skopje MKD"]
[Date "2012.04.11"]
[Round "6.50"]
[White "Jonoska, Katerina"]
[Black "Stamnov, Aleksander"]
[Result "0-1"]
[WhiteElo "1982"]
[BlackElo "2184"]
[PlyCount "34"]
[EventDate "2012.04.07"]
[EventType "swiss"]
[EventRounds "9"]
[Source "lmi"]
[SourceDate "2012.04.07"]

1. e4 e5 2. Nf3 Nf6 3. Nxe5 d6 4. Nf3 Nxe4 5. Qe2 Qe7 6. d3 Nf6 7. Qxe7+ Bxe7
8. d4 Nc6 9. c3 O-O 10. Bd3 Bg4 11. Ng5 h6 12. Ne4 d5 13. Nxf6+ Bxf6 14. O-O
Rfe8 15. f3 Bh5 16. Na3 Re7 17. Nc2 Rae8 0-1

[Event "Karposh Open  2012"]
[Site "Skopje MKD"]
[Date "2012.04.11"]
[Round "6.51"]
[White "Krstev, Emil"]
[Black "Minas, Ioannis"]
[Result "0-1"]
[WhiteElo "2173"]
[BlackElo "1930"]
[PlyCount "25"]
[EventDate "2012.04.07"]
[EventType "swiss"]
[EventRounds "9"]
[Source "lmi"]
[SourceDate "2012.04.07"]

1. d4 Nf6 2. Nf3 e6 3. Nc3 d5 4. Bg5 Be7 5. e3 O-O 6. Bd3 Nbd7 7. O-O c5 8. Ne5
c4 9. Be2 Nxe5 10. dxe5 Nd7 11. Bxe7 Qxe7 12. f4 Qc5 13. Qd4 0-1

[Event "Karposh Open  2012"]
[Site "Skopje MKD"]
[Date "2012.04.11"]
[Round "6.52"]
[White "Gjorgjevski, Janco"]
[Black "Stosevski, Ilija"]
[Result "0-1"]
[WhiteElo "1936"]
[BlackElo "2168"]
[PlyCount "46"]
[EventDate "2012.04.07"]
[EventType "swiss"]
[EventRounds "9"]
[Source "lmi"]
[SourceDate "2012.04.07"]

1. d4 d6 2. c4 g6 3. Nc3 Bg7 4. e4 Nd7 5. Nf3 e5 6. d5 Ne7 7. g3 O-O 8. Bg2 f5
9. Ng5 Nc5 10. b4 Nxe4 11. Ncxe4 fxe4 12. Ne6 Bxe6 13. dxe6 c6 14. Bxe4 d5 15.
cxd5 cxd5 16. Bg2 Qb6 17. Qd2 Bh6 18. Qe2 Qxb4+ 19. Kf1 Bxc1 20. Rxc1 Rac8 21.
Rd1 e4 22. h4 Qc4 23. Rd2 e3 0-1

[Event "Karposh Open  2012"]
[Site "Skopje MKD"]
[Date "2012.04.11"]
[Round "6.54"]
[White "Petkovski, Vlatko"]
[Black "Nikolovski, Nikola"]
[Result "0-1"]
[WhiteElo "2160"]
[BlackElo "1887"]
[PlyCount "50"]
[EventDate "2012.04.07"]
[EventType "swiss"]
[EventRounds "9"]
[Source "lmi"]
[SourceDate "2012.04.07"]

1. e4 d5 2. exd5 Nf6 3. d4 Nxd5 4. c4 Nb6 5. Nc3 e5 6. dxe5 Qxd1+ 7. Kxd1 Nc6
8. Nb5 Bg4+ 9. Ke1 O-O-O 10. f3 Be6 11. Bg5 Rd7 12. f4 Bxc4 13. Nf3 Bb4+ 14.
Kf2 Bc5+ 15. Kg3 Bxf1 16. Rhxf1 Rg8 17. Kh3 h6 18. Bh4 Nd5 19. g3 a6 20. Nc3
Nxc3 21. bxc3 Rd3 22. c4 Na5 23. Rad1 Rxd1 24. Rxd1 Nxc4 25. g4 b5 0-1

[Event "Karposh Open  2012"]
[Site "Skopje MKD"]
[Date "2012.04.11"]
[Round "6.57"]
[White "Savoglou, Nikolaos"]
[Black "Ranic, Viktor"]
[Result "1/2-1/2"]
[WhiteElo "2055"]
[BlackElo "1941"]
[PlyCount "81"]
[EventDate "2012.04.07"]
[EventType "swiss"]
[EventRounds "9"]
[Source "lmi"]
[SourceDate "2012.04.07"]

1. d4 d5 2. Nf3 Nf6 3. c4 e6 4. Nc3 c6 5. cxd5 exd5 6. Bg5 Be7 7. e3 O-O 8. Bd3
Re8 9. Qc2 Nbd7 10. O-O Nf8 11. h3 Nh5 12. Bxe7 Qxe7 13. Rab1 a5 14. a3 g6 15.
b4 Ng7 16. Na4 Bf5 17. Bxf5 Nxf5 18. Nc5 Nd6 19. Ra1 Ra7 20. Nd2 Rea8 21. Ndb3
axb4 22. axb4 b6 23. Nd3 Nc4 24. Rxa7 Rxa7 25. Nd2 b5 26. Nf3 f6 27. Nc5 Ne6
28. Re1 Nxc5 29. dxc5 Qe4 30. Qc3 Kf7 31. Ra1 Ra4 32. Nd4 Ne5 33. Rxa4 bxa4 34.
Qa1 Nc4 35. Qxa4 Nxe3 36. Qa7+ Kf8 37. Qb8+ Kg7 38. Qc7+ Kh6 39. fxe3 Qxe3+ 40.
Kh2 Qxd4 41. Qxc6 1/2-1/2

[Event "Karposh Open  2012"]
[Site "Skopje MKD"]
[Date "2012.04.11"]
[Round "6.58"]
[White "Spirliadis, Achileas"]
[Black "Batkoski, Nenad"]
[Result "1/2-1/2"]
[WhiteElo "2053"]
[BlackElo "1892"]
[PlyCount "103"]
[EventDate "2012.04.07"]
[EventType "swiss"]
[EventRounds "9"]
[Source "lmi"]
[SourceDate "2012.04.07"]

1. e4 e6 2. d4 d5 3. Nc3 Nf6 4. Bg5 Be7 5. e5 Nfd7 6. Bxe7 Qxe7 7. f4 a6 8. Nf3
c5 9. Be2 Nc6 10. Qd2 cxd4 11. Nxd4 Ndxe5 12. O-O-O Nd7 13. f5 Nxd4 14. Qxd4
Nf6 15. Qe5 exf5 16. Qxe7+ Kxe7 17. Bf3 Rd8 18. Bxd5 Kf8 19. Bf3 Re8 20. Na4
Rb8 21. Nb6 Be6 22. Rhe1 Red8 23. c4 Rxd1+ 24. Rxd1 Ke7 25. Kc2 Rd8 26. Re1 Kd6
27. b4 Kc7 28. c5 g5 29. g3 f4 30. gxf4 g4 31. Bg2 Rd4 32. f5 Bxf5+ 33. Kc3
Rd3+ 34. Kc4 Rd2 35. Re7+ Kd8 36. Rxf7 Be6+ 37. Kc3 Rxg2 38. Rxf6 Bxa2 39. Rh6
Bb1 40. Nc4 Re2 41. Rh4 Bg6 42. Rxg4 Rxh2 43. Ne5 Be8 44. Rg7 Rh3+ 45. Kc4 Rh4+
46. Kd5 Rxb4 47. Rxh7 a5 48. c6 Rb5+ 49. Kd6 bxc6 50. Nxc6+ Bxc6 51. Kxc6 Rg5
52. Ra7 1/2-1/2

[Event "Karposh Open  2012"]
[Site "Skopje MKD"]
[Date "2012.04.11"]
[Round "6.59"]
[White "Jancev, Valentin"]
[Black "Chan, Naruna"]
[Result "0-1"]
[WhiteElo "1998"]
[BlackElo "1835"]
[PlyCount "46"]
[EventDate "2012.04.07"]
[EventType "swiss"]
[EventRounds "9"]
[Source "lmi"]
[SourceDate "2012.04.07"]

1. d4 f5 2. Bg5 g6 3. e3 Bg7 4. Nf3 Nf6 5. Bxf6 Bxf6 6. c3 d5 7. Nbd2 O-O 8.
Qb3 Kh8 9. Ne5 c6 10. f4 Qd6 11. Ndf3 b6 12. c4 Na6 13. a3 Nc7 14. Rc1 dxc4 15.
Qxc4 Nd5 16. Qb3 Bxe5 17. Nxe5 Bb7 18. Bc4 e6 19. O-O Nc7 20. Kf2 Rac8 21. Rc2
Kg7 22. Be2 Nd5 23. Bf3 Rf6 0-1

[Event "Karposh Open  2012"]
[Site "Skopje MKD"]
[Date "2012.04.11"]
[Round "6.60"]
[White "Tairi, Krenar"]
[Black "Ajrula, Adnan"]
[Result "1-0"]
[WhiteElo "1804"]
[BlackElo "1984"]
[PlyCount "65"]
[EventDate "2012.04.07"]
[EventType "swiss"]
[EventRounds "9"]
[Source "lmi"]
[SourceDate "2012.04.07"]

1. d4 d5 2. c4 Nf6 3. Nc3 c6 4. cxd5 Nxd5 5. e4 Nxc3 6. bxc3 g6 7. Nf3 Bg4 8.
Bc4 e6 9. O-O Bg7 10. Ba3 Nd7 11. Qb3 Bxf3 12. Bxe6 Qf6 13. Bxd7+ Kxd7 14.
Qxb7+ Ke8 15. Qxa8+ Kd7 16. Qb7+ Kd8 17. Be7+ Qxe7 18. Qb8+ Kd7 19. Qxa7+ Ke6
20. Qxe7+ Kxe7 21. gxf3 Rc8 22. a4 c5 23. Rfd1 cxd4 24. cxd4 Rc4 25. a5 Bxd4
26. Ra2 Ba7 27. a6 Rc7 28. Rb1 Kd7 29. Rb7 Kc8 30. Rab2 Bd4 31. Rxc7+ Kxc7 32.
Rb7+ Kc8 33. Rxf7 1-0

[Event "Karposh Open  2012"]
[Site "Skopje MKD"]
[Date "2012.04.11"]
[Round "6.61"]
[White "Cavusoglu, Yildiz"]
[Black "Vasilevski, Igor"]
[Result "1/2-1/2"]
[WhiteElo "1971"]
[BlackElo "1850"]
[PlyCount "46"]
[EventDate "2012.04.07"]
[EventType "swiss"]
[EventRounds "9"]
[Source "lmi"]
[SourceDate "2012.04.07"]

1. d4 e6 2. Nf3 b6 3. Bf4 Bb7 4. e3 f5 5. Be2 Nf6 6. h3 Be7 7. c4 d6 8. Nc3 O-O
9. O-O Qe8 10. a4 a5 11. Nb5 Bd8 12. Rc1 Na6 13. Nd2 Qe7 14. Bf3 Ne4 15. Nxe4
fxe4 16. Bg4 Nb4 17. Bg3 Nd3 18. Rc2 e5 19. d5 c6 20. Nc3 Nc5 21. Rd2 cxd5 22.
Nxd5 Bxd5 23. cxd5 Qg5 1/2-1/2

[Event "Karposh Open  2012"]
[Site "Skopje MKD"]
[Date "2012.04.11"]
[Round "6.62"]
[White "Miskoski, Misko"]
[Black "Nikolovska, Dragana"]
[Result "1-0"]
[WhiteElo "1965"]
[BlackElo "1773"]
[PlyCount "53"]
[EventDate "2012.04.07"]
[EventType "swiss"]
[EventRounds "9"]
[Source "lmi"]
[SourceDate "2012.04.07"]

1. d4 Nf6 2. c4 c5 3. e3 cxd4 4. exd4 d5 5. Nf3 Nc6 6. Be2 Bg4 7. O-O e6 8. Nc3
Be7 9. c5 Ne4 10. Re1 O-O 11. Bf4 g5 12. Bg3 f5 13. h3 f4 14. Bh2 Bf5 15. Bd3
Nxc3 16. bxc3 Qe8 17. Bxf5 Rxf5 18. Rxe6 Qf7 19. Qe2 Kf8 20. Re1 Re8 21. h4 g4
22. Ng5 Qh5 23. Qd3 Rxg5 24. hxg5 Nd8 25. Qf5+ Qf7 26. Qxf7+ Kxf7 27. R6e5 1-0

[Event "Karposh Open  2012"]
[Site "Skopje MKD"]
[Date "2012.04.11"]
[Round "6.63"]
[White "Atanasov, Sande"]
[Black "Lazov, Toni"]
[Result "0-1"]
[WhiteElo "1950"]
[BlackElo "1798"]
[PlyCount "57"]
[EventDate "2012.04.07"]
[EventType "swiss"]
[EventRounds "9"]
[Source "lmi"]
[SourceDate "2012.04.07"]

1. e4 c5 2. Nc3 d6 3. Bc4 Nf6 4. d3 e6 5. Bg5 Be7 6. h4 a6 7. a4 h6 8. Be3 d5
9. e5 Nfd7 10. Bb3 d4 11. Bf4 dxc3 12. bxc3 Qa5 13. Qd2 Nc6 14. Nf3 b5 15. Ke2
b4 16. c4 Bb7 17. Qe3 O-O-O 18. Rhd1 Qb6 19. Rab1 Nd4+ 20. Kd2 Bxf3 21. gxf3
Qc6 22. c3 bxc3+ 23. Kxc3 Qxf3 24. Rd2 Qxe3 25. fxe3 Nxb3 26. Rxb3 Kc7 27. d4
Bxh4 28. d5 Be1 29. e4 0-1

[Event "Karposh Open  2012"]
[Site "Skopje MKD"]
[Date "2012.04.11"]
[Round "6.65"]
[White "Karatrajkov, Nikola"]
[Black "Golubovic, Tomislav"]
[Result "1-0"]
[WhiteElo "1770"]
[BlackElo "1944"]
[PlyCount "83"]
[EventDate "2012.04.07"]
[EventType "swiss"]
[EventRounds "9"]
[Source "lmi"]
[SourceDate "2012.04.07"]

1. c4 e5 2. Nc3 Nc6 3. g3 Bc5 4. Nf3 Nf6 5. Bg2 d6 6. O-O O-O 7. e3 h6 8. Qc2
Nb4 9. Qb1 Bg4 10. h3 Be6 11. a3 Nc6 12. b3 Qd7 13. Kh2 a6 14. Bb2 Rad8 15. Rd1
Ne7 16. d3 c6 17. Qc2 Nf5 18. Ne4 Nxe4 19. dxe4 Ne7 20. Nxe5 Qc7 21. Nf3 f6 22.
Nh4 Rf7 23. Rd2 f5 24. Rad1 g5 25. Nf3 fxe4 26. Ne5 Rff8 27. Ng4 Bxg4 28. hxg4
d5 29. cxd5 Bd6 30. Qxe4 cxd5 31. Qe6+ Kh7 32. e4 Ng6 33. Rxd5 Be7 34. Rd7 Rxd7
35. Rxd7 Qc5 36. Bd4 Qxa3 37. Bf6 Rxf6 38. Qxf6 Qxb3 39. Rxe7+ Nxe7 40. Qxe7+
Kg8 41. e5 b5 42. Qd8+ 1-0

[Event "Karposh Open  2012"]
[Site "Skopje MKD"]
[Date "2012.04.11"]
[Round "6.66"]
[White "Vukelic, Zvonimir"]
[Black "Lakinska, Simona"]
[Result "1-0"]
[WhiteElo "1931"]
[BlackElo "1690"]
[PlyCount "95"]
[EventDate "2012.04.07"]
[EventType "swiss"]
[EventRounds "9"]
[Source "lmi"]
[SourceDate "2012.04.07"]

1. e4 e5 2. Nf3 Nc6 3. g3 Nf6 4. d3 Bc5 5. Bg2 d6 6. h3 h6 7. O-O O-O 8. Nc3 a6
9. Be3 Ba7 10. Bxa7 Rxa7 11. Ne2 Re8 12. c3 Ra8 13. Kh2 Bd7 14. Nd2 Re7 15. f4
Qe8 16. fxe5 dxe5 17. Nc4 Be6 18. Ne3 Rd8 19. Qc2 Rd6 20. d4 Bc8 21. d5 Nb8 22.
c4 b6 23. b4 c5 24. Rab1 Rb7 25. Rb2 Qd8 26. Rfb1 Qc7 27. Qc3 cxb4 28. Rxb4 a5
29. R4b2 Qe7 30. c5 Rd8 31. c6 Rc7 32. Rxb6 Na6 33. Qxa5 Nc5 34. Nc3 Ra7 35.
Qb4 Na6 36. Qxe7 Rxe7 37. Nc4 Ne8 38. Na4 Nd6 39. Nxd6 Rxd6 40. h4 Rd8 41. Bh3
Bxh3 42. Kxh3 Ra7 43. Rb7 Rxb7 44. Rxb7 Rc8 45. Nb6 Rd8 46. d6 Nc5 47. d7 Nxd7
48. Nxd7 1-0

[Event "Karposh Open  2012"]
[Site "Skopje MKD"]
[Date "2012.04.11"]
[Round "6.67"]
[White "Peev, Kosta"]
[Black "Cvetkovski, Slobodan"]
[Result "0-1"]
[WhiteElo "1625"]
[BlackElo "1927"]
[PlyCount "62"]
[EventDate "2012.04.07"]
[EventType "swiss"]
[EventRounds "9"]
[Source "lmi"]
[SourceDate "2012.04.07"]

1. d4 Nf6 2. Nf3 g6 3. Bf4 Bg7 4. h3 O-O 5. e3 d6 6. Be2 c5 7. c3 b6 8. O-O Ba6
9. Nbd2 Bxe2 10. Qxe2 Nbd7 11. Bh2 Re8 12. Rad1 Qc7 13. e4 e5 14. dxe5 dxe5 15.
Nc4 a6 16. Qc2 b5 17. Ne3 c4 18. Nd5 Nxd5 19. exd5 Qd6 20. Ng5 Nc5 21. Ne4 Nxe4
22. Qxe4 Rac8 23. Rd2 f5 24. Qc2 Qc5 25. Rfd1 Bh6 26. d6 Bxd2 27. d7 Bf4 28.
Bxf4 exf4 29. Qd2 Qe5 30. Qd6 Qxd6 31. Rxd6 Re1+ 0-1

[Event "Karposh Open  2012"]
[Site "Skopje MKD"]
[Date "2012.04.11"]
[Round "6.69"]
[White "Franca, Veronika"]
[Black "Lampsas, Georgios"]
[Result "1/2-1/2"]
[WhiteElo "1863"]
[BlackElo "1660"]
[PlyCount "71"]
[EventDate "2012.04.07"]
[EventType "swiss"]
[EventRounds "9"]
[Source "lmi"]
[SourceDate "2012.04.07"]

1. d4 Nf6 2. c4 c5 3. d5 b5 4. cxb5 a6 5. b6 Qxb6 6. Nc3 g6 7. e4 d6 8. Nf3 Bg7
9. Nd2 Nbd7 10. Be2 O-O 11. Nc4 Qc7 12. O-O Nb6 13. Ne3 Nfd7 14. a4 Bb7 15. a5
Nc8 16. f4 Na7 17. Kh1 Nb5 18. Nxb5 axb5 19. Bxb5 Ba6 20. Bxa6 Rxa6 21. Nc4 Rb8
22. Qc2 Qb7 23. Bd2 Qb3 24. Qxb3 Rxb3 25. Rf3 Rb8 26. Rb1 Bd4 27. Bc3 Nf6 28.
Re1 Bxc3 29. Rxc3 Rb4 30. g3 Ne8 31. Kg2 Nc7 32. Ra1 Nb5 33. Rd3 Nd4 34. Kf2 f6
35. Rda3 Nb5 36. Rd3 1/2-1/2

[Event "Karposh Open  2012"]
[Site "Skopje MKD"]
[Date "2012.04.11"]
[Round "6.71"]
[White "Konstantinov, Aleksandar"]
[Black "Mihtis, Theodoros"]
[Result "0-1"]
[WhiteElo "1748"]
[BlackElo "1746"]
[PlyCount "36"]
[EventDate "2012.04.07"]
[EventType "swiss"]
[EventRounds "9"]
[Source "lmi"]
[SourceDate "2012.04.07"]

1. e4 Nf6 2. d3 d5 3. Nd2 Bg4 4. Be2 Bxe2 5. Qxe2 e6 6. Ngf3 Be7 7. O-O c5 8.
Re1 Nc6 9. Nf1 Rc8 10. c3 b5 11. Ng3 c4 12. dxc4 dxc4 13. Bf4 O-O 14. Red1 Qb6
15. Nd4 Bc5 16. Be3 Ne5 17. Nc2 Bxe3 18. Nxe3 Nd3 0-1

[Event "Karposh Open  2012"]
[Site "Skopje MKD"]
[Date "2012.04.12"]
[Round "7.1"]
[White "Sedlak, Nikola"]
[Black "Georgiev, Kiril"]
[Result "0-1"]
[WhiteElo "2593"]
[BlackElo "2671"]
[PlyCount "94"]
[EventDate "2012.04.07"]
[EventType "swiss"]
[EventRounds "9"]
[Source "lmi"]
[SourceDate "2012.04.07"]

1. e4 e5 2. Nf3 Nc6 3. Bc4 Bc5 4. b4 Bxb4 5. c3 Ba5 6. d4 exd4 7. Qb3 Qf6 8.
O-O Nge7 9. cxd4 b5 10. Bd3 Nxd4 11. Nxd4 Qxd4 12. Bb2 Qa4 13. Bxg7 Rg8 14.
Qxa4 bxa4 15. Bc3 Rg5 16. Bxa5 Rxa5 17. Nc3 Rb8 18. Rfc1 Ba6 19. Bxa6 Rxa6 20.
Rab1 Rxb1 21. Rxb1 d6 22. f3 Rc6 23. Rc1 f5 24. Kf2 fxe4 25. fxe4 Ng6 26. Ke3
Ne5 27. Kd2 Rc4 28. Nd5 c6 29. Nf6+ Ke7 30. Rf1 Rd4+ 31. Kc2 Rc4+ 32. Kd2 Rb4
33. Kc3 Rb8 34. Nxh7 Rh8 35. Ng5 Rxh2 36. Rg1 Rh4 37. Rb1 Kf6 38. Nf3 Rxe4 39.
Nd4 c5 40. Nb5 d5 41. Rf1+ Ke6 42. Nc7+ Kd6 43. Ne8+ Ke7 44. Nf6 Rc4+ 45. Kd2
Ke6 46. Nh5 Rg4 47. Nf4+ Kd6 0-1

[Event "Karposh Open  2012"]
[Site "Skopje MKD"]
[Date "2012.04.12"]
[Round "7.3"]
[White "Hera, Imre Jr"]
[Black "Markus, Robert"]
[Result "1/2-1/2"]
[WhiteElo "2555"]
[BlackElo "2625"]
[PlyCount "43"]
[EventDate "2012.04.07"]
[EventType "swiss"]
[EventRounds "9"]
[Source "lmi"]
[SourceDate "2012.04.07"]

1. d4 d5 2. c4 c6 3. Nc3 e6 4. e4 dxe4 5. Nxe4 Bb4+ 6. Bd2 Qxd4 7. Bxb4 Qxe4+
8. Ne2 Na6 9. Bf8 Ne7 10. Bxg7 Nb4 11. Bxh8 e5 12. Qd6 Nc2+ 13. Kd2 Bf5 14. Ng3
Qf4+ 15. Kc3 Nd5+ 16. cxd5 Qd4+ 17. Kb3 Nxa1+ 18. Ka3 Nc2+ 19. Kb3 Na1+ 20. Ka3
Nc2+ 21. Kb3 Na1+ 22. Ka3 1/2-1/2

[Event "Karposh Open  2012"]
[Site "Skopje MKD"]
[Date "2012.04.12"]
[Round "7.4"]
[White "Ivanisevic, Ivan"]
[Black "Djukic, Nikola"]
[Result "1-0"]
[WhiteElo "2645"]
[BlackElo "2513"]
[PlyCount "52"]
[EventDate "2012.04.07"]
[EventType "swiss"]
[EventRounds "9"]
[Source "lmi"]
[SourceDate "2012.04.07"]

1. d4 Nf6 2. c4 g6 3. Nc3 Bg7 4. e4 d6 5. f4 O-O 6. Nf3 c5 7. d5 b5 8. cxb5 a6
9. a4 Bb7 10. Ra3 e6 11. dxe6 fxe6 12. e5 Nd5 13. Ng5 Nxf4 14. Bxf4 Rxf4 15.
Nxe6 Qh4+ 16. g3 Qe7 17. Nxf4 Qxe5+ 18. Kd2 Qd4+ 19. Bd3 axb5 20. Re1 Nc6 21.
Qb3+ c4 22. Qxb5 cxd3 23. Qxb7 Rb8 24. Qxc6 Qf2+ 25. Kxd3 Qxe1 26. Rb3 Re8 1-0